00313 a2200109 4500001001000000005001700010008004100027245005000068100002200118773004600140999001700186ART_4546420260410162040.0260409a 10aEl impuesto a la renta financiera, ley 27.4301 aBello, Alberto M.0 tImpuestosg- NÂș 22 (feb. 2018)wREV45175 c34819d34819